Pasja, która zazwyczaj wymaga dużej cierpliwości. - Statystyki

Ogólne statystyki
  • Ten quiz został rozwiązany 7 razy
  • Średni wynik to 3 z 5
Statystyki odpowiedzi
Hint Odpowiedź % Poprawnych
2. wędkarstwo
100%
5. malarstwo
50%
3. szydełkowanie
50%
1. modelarstwo
25%
4. układanie puzzli
25%
Nie znaleziono quizów pasujących do podanych kryteriów
Rozkład punktacji
Procent ludzi z każdym wynikiem
Percentyl według liczby udzielonych odpowiedzi
Twoja historia wyników
Nie rozwiązałeś tego quizu